| 000 | 00918nam0a22002531 4500 | ||
|---|---|---|---|
| 001 | rc\3333632 | ||
| 005 | 20250609181338.0 | ||
| 035 | _a(NLR Aleph) 007426814 | ||
| 090 |
_a6973928 _c6973928 |
||
| 100 | _a20130115d1969 |||y0rusy50 ca | ||
| 101 | 0 | _arus | |
| 102 | _aRU | ||
| 105 | _aa z ||||| | ||
| 200 | 1 |
_aТопливные элементы и энергетические установки на их основе _fЛенингр. воен. инж. краснознам. акад. им. А.Ф. Можайского |
|
| 210 |
_aЛенинград _cБ. и. _d1969 |
||
| 215 |
_a55 с. _cил. _d20 |
||
| 309 | _aОтпеч. множит. аппаратом | ||
| 333 | _aДля внутривед. продажи | ||
| 700 | 1 |
_aТимашев _bС.В. _gСергей Владимирович |
|
| 801 | 0 |
_aRU _bNLR _gpsbo |
|
| 801 | 1 |
_aRU _bELAR _2rusmarc |
|
| 852 |
_aNLR _j50к/22461 |
||
| 942 | _cBOOK | ||
| 980 | _aNB | ||